IV Monitoreo de la biodiversidad : (Registro nro. 8038)
[ vista simple ]
| 000 -CABECERA | |
|---|---|
| Campo de control | 00703nmm a22001937a 4500 |
| 005 - FECHA Y HORA DE LA ULTIMA TRANSACCION | |
| Campo de control | 20131213160625.0 |
| 008 - ELEMENTOS DE LONGITUD FIJA—INFORMACION GENERAL | |
| Campo de control | 131213b2010 ck ||||| |||| 00| 0 spa d |
| 041 ## - IDIOMA | |
| Código de idioma para texto/pista de sonido o título separado | Español |
| 044 ## - PAÍS DE PUBLICACIÓN | |
| País de publicación | Colombia |
| 090 ## - CLASIFICACIÓN LOCAL | |
| Colección | LB |
| Consecutivo | 05855 |
| 110 ## - ASIENTO PRINCIPAL--NOMBRE CORPORATIVO | |
| Nombre corporativo o de jurisdicción como elemento de entrada | Sistemas departamental de áreas protegidas de Risaralda |
| 245 ## - MENCION DE TITULO | |
| Título | IV Monitoreo de la biodiversidad : |
| Parte restante del título | antecedentes, metodologías y resultados |
| 260 ## - PUBLICACION, DISTRIBUCION, ETC. (PIE DE IMPRENTA) | |
| Lugar de publicación, distribución, etc. | s.l. |
| Nombre del editor, distribuidor, etc. | Sistemas departamental de áreas protegidas de Risaralda |
| -- | Corporación Autónoma de Risaralda |
| Fecha de publicación, distribución, etc. | 2010 |
| 300 ## - DESCRIPCION FISICA | |
| Extensión | 36 p., |
| Otros detalles físicos | il., tablas, mapas, |
| Dimensiones | 13 cm |
| 504 ## - NOTA DE BIBLIOGRAFIA, ETC. | |
| Nota de bibliografía | Incluye bibliografía |
| 505 ## - NOTA DE CONTENIDO | |
| Nota de contenido | Incluye contenido |
| 710 ## - ASIENTO SECUNDARIO - NOMBRE CORPORATIVO | |
| Nombre corporativo o de jurisdicción como elemento de entrada | Corporación autónoma de Risaralda |
| 942 ## - ELEMENTOS ADICIONALES (KOHA) | |
| Sistema de clasificación | Local |
| Tipo de ítem | CD-ROM |
| Withdrawn status | Lost status | Sistema de Clasificación | Damaged status | No para préstamo | Colección | Ubicación Permanente | Ubicación actual | Fecha de adquisición | Total Checkouts | Número topográfico | Inventario / Código de Barras | Date last seen | Ejemplar | Price effective from | Forma de adquisición | Tipo de material |
|---|---|---|---|---|---|---|---|---|---|---|---|---|---|---|---|---|
| Local | Audiovisual | Bogotá | Bogotá | 13/12/2013 | LB-05855 | 058538 | 13/12/2013 | Ej. 1 | 13/12/2013 | CD-ROM | ||||||
| Local | Audiovisual | Bogotá | Bogotá | 13/12/2013 | LB-05855 | 058536 | 13/12/2013 | Ej. 2 | 13/12/2013 | CD-ROM |